[Event "Blitz Chess Marathon"]
[Site "Dordrecht NED"]
[Date "2000.02.12"]
[Round "16.1"]
[White "Movsesian,S"]
[Black "Van Wely,L"]
[Result "1/2-1/2"]
[WhiteElo "2668"]
[BlackElo "2646"]

1.e4 c5 2.Nf3 d6 3.d4 cxd4 4.Nxd4 Nf6 5.Nc3 a6 6.Be3 e6 7.f3 b5 8.Qd2 Nbd7
9.O-O-O Bb7 10.g4 Nb6 11.Qf2 Nfd7 12.Kb1 Rc8 13.g5 Rxc3 14.bxc3 Qc7 15.Bd3 Qxc3
16.Ne2 Qc7 17.Bd4 e5 18.Ba1 Nc5 19.h4 Be7 20.Ng3 g6 21.f4 Nca4 22.Qd2 Qc5
23.h5 b4 24.Ne2 Rg8 25.hxg6 hxg6 26.Rh7 exf4 27.Qxf4 Rf8 28.Nd4 Bxg5 29.Qg3 Nc3+
30.Bxc3 bxc3 31.Nb3 Qa3 32.Bb5+ axb5 33.Qxc3 Nc4 34.e5 dxe5 35.Rh3 Ke7 36.Rhd3 Bc6
37.Re1 Bf4 38.Rd4 g5 39.Rxf4 gxf4 40.Rxe5+ Nxe5 41.Qxe5+ Kd8 42.Nc5 Kc8 43.Qd6 Qb4+
44.Kc1 Qe1+ 45.Kb2 Qb4+ 46.Kc1 Qe1+ 47.Kb2 Qe8 48.Na6 Kb7 49.Nc5+ Kc8 50.Na6 Kb7
51.Nc5+ Kc8 52.Nb7 Kxb7  1/2-1/2

[Event "Blitz Chess Marathon"]
[Site "Dordrecht NED"]
[Date "2000.02.12"]
[Round "16.2"]
[White "Van Wely,L"]
[Black "Movsesian,S"]
[Result "1-0"]
[WhiteElo "2646"]
[BlackElo "2668"]

1.d4 d5 2.c4 c6 3.Nc3 Nf6 4.e3 a6 5.Qc2 b5 6.b3 Bg4 7.Nge2 e6 8.Ng3 Bd6 9.h3 Bh5
10.Nxh5 Nxh5 11.Be2 Nf6 12.O-O O-O 13.Bb2 Nbd7 14.Rad1 Qb8 15.Ba1 Re8 16.Bf3 h6
17.e4 b4 18.Ne2 dxe4 19.Bxe4 Nxe4 20.Qxe4 Qc7 21.Ng3 Nf6 22.Qf3 a5 23.d5 Be5
24.d6 Bxd6 25.Bxf6 gxf6 26.Nh5 Be5 27.Nxf6+ Bxf6 28.Qxf6 Kh7 29.Rd4 Qe7 30.Qf3 c5
31.Rd3 Rad8 32.Rfd1 Kg7 33.Qg3+ Kf8 34.Qe3 Kg7 35.Rxd8 Rxd8 36.Rxd8 Qxd8
37.Qxc5 Qd1+ 38.Kh2 Qd2 39.Qe5+ Kf8 40.c5 Ke7 41.Qc7+ Kf6 42.c6 e5 43.Qb6 Qd6
44.g3 Ke6 45.Qb5 Qd4 46.Kg1 Kd6 47.Qxa5 Kxc6 48.Qa8+ Kd7 49.Qf3 Ke7 50.Qf5 Qd1+
51.Kh2 Qd4 52.h4 Qb2 53.Kg2 Qd4 54.Qf3 Qc5 55.Qe3 Qd5+ 56.Kh2 h5 57.Qg5+ f6
58.Qxh5 Qd2 59.Qf3 Qxa2 60.h5 Kf7 61.Qf5 Qxb3 62.h6 Qd1 63.g4 Qd2 64.Qh7+ Ke6
65.Qf5+ Ke7 66.h7 Qd8 67.Qg6 e4 68.Qg7+ Ke6 69.Qg8+ Ke7 70.Qxd8+ Kxd8 71.h8=Q+ Ke7
72.Qg7+ Ke6 73.Qb7 e3  1-0

[Event "Oz.com qualifier blitz"]
[Site "Internet ICC"]
[Date "2000.03.05"]
[Round "4"]
[White "Aigner,M"]
[Black "Movsesian,S"]
[Result "0-1"]
[WhiteElo "2054"]
[BlackElo "2668"]

1.f4 c5 2.Nf3 Nc6 3.e4 e6 4.Nc3 a6 5.g3 d6 6.Bg2 Nf6 7.O-O Be7 8.d3 O-O 9.h3 Qc7
10.g4 b5 11.Ne2 Re8 12.Ng3 Bb7 13.g5 Nd7 14.h4 Bf8 15.c3 Rad8 16.Nh2 Ne7
17.Qg4 d5 18.e5 g6 19.h5 Nf5 20.Nxf5 exf5 21.Qg3 d4 22.Nf3 dxc3 23.bxc3 Nb6
24.Ne1 b4 25.Bd2 c4 26.d4 b3 27.hxg6 hxg6 28.Kf2 Bg7 29.Rh1 a5 30.axb3 cxb3
31.Rxa5 Nc4 32.Rc5 Qxc5 33.dxc5 Rxd2+  0-1

[Event "Oz.com qualifier blitz"]
[Site "Internet ICC"]
[Date "2000.03.05"]
[Round "6"]
[White "Blauert,J"]
[Black "Movsesian,S"]
[Result "0-1"]
[WhiteElo "2395"]
[BlackElo "2668"]

1.e4 c5 2.c3 e6 3.d4 d5 4.exd5 exd5 5.Nf3 Nc6 6.Bb5 Bd6 7.dxc5 Bxc5 8.O-O Ne7
9.Nbd2 O-O 10.Nb3 Bb6 11.Bd3 Bf5 12.Re1 Qd6 13.Be3 Bxe3 14.Rxe3 Bg6 15.Nbd4 a6
16.Qd2 Bxd3 17.Qxd3 Ng6 18.Rae1 h6 19.g3 Rfd8 20.Ne6 Rd7 21.Ned4 Rdd8 22.Ne6 Rdc8
23.Ned4 Nf8 24.Nf5 Qd8 25.N3d4 Rc7 26.Nxc6 bxc6 27.Qd4 Ne6 28.Qg4 Qf6 29.Nd4 Nf8
30.Rf3 Qg5 31.Qxg5 hxg5 32.Rfe3 g6 33.Re7 Rac8 34.Rxc7 Rxc7 35.Re8 Kg7 36.Ra8 c5
37.Nf3 Ne6 38.Rxa6 Kf6 39.Rd6 g4 40.Nd2 Ke5 41.Ra6 Rd7 42.Kf1 f5 43.f4+ Kf6
44.a4 d4 45.cxd4 Rxd4 46.Ke2 Kf7 47.Ra7+ Kf6 48.Ra6 Ke7 49.b3 Rb4 50.Kd3 Rd4+
51.Kc3 Nc7 52.Ra7 Kd8 53.Nc4 Nd5+ 54.Kb2 Re4 55.a5 Re2+ 56.Ka3 Nc3 57.b4 Nb5+
58.Ka4 Nxa7 59.b5 Re4  0-1

[Event "Oz.com qualifier blitz"]
[Site "Internet ICC"]
[Date "2000.03.05"]
[Round "7"]
[White "Movsesian,S"]
[Black "Mikhailuk,S"]
[Result "1-0"]
[WhiteElo "2668"]
[BlackElo "2440"]

1.Nf3 c5 2.g3 d5 3.Bg2 Nf6 4.O-O e6 5.d3 Be7 6.Nbd2 O-O 7.e4 Nc6 8.Qe2 b5
9.Re1 Bb7 10.e5 Nd7 11.Nf1 b4 12.h4 Nd4 13.Nxd4 cxd4 14.Nh2 Rc8 15.Bf4 Qb6
16.Rec1 a5 17.Ng4 Rc6 18.Bg5 Bxg5 19.hxg5 Rfc8 20.Qd2 Qc7 21.Qf4 Rxc2 22.Rxc2 Qxc2
23.Qxd4 Qc5 24.Qf4 Ba6 25.Bf1 Qc2 26.Qd4 Rc7 27.Re1 Qa4 28.Qf4 Qxa2 29.Rc1 Rxc1
30.Qxc1 Qa4 31.Qc7 Nf8 32.Ne3 b3 33.Qd6 Bb7 34.Qb6 Qb4 35.Qxb4 axb4 36.d4 Bc6
37.Bd3 Nd7 38.Kf1 Nb8 39.Ke2 Ba4 40.Nf1 Nc6 41.Ke3 h6 42.gxh6 gxh6 43.Nd2 Kg7
44.g4 f6 45.f4 fxe5 46.dxe5 Kf7 47.Nf3 Na5 48.Kd4 Ke7 49.Kc5 Nc6 50.f5 Nd8
51.Kxb4 Bd7 52.Kxb3 exf5 53.gxf5 h5 54.Kc3 Nc6 55.b4 h4 56.b5 Na7 57.f6+ Kf8
58.b6 Nc6 59.Bb5 h3 60.e6 Bxe6 61.Bxc6 Bc8 62.Bxd5  1-0

[Event "Dutch Team Championships"]
[Site "Breda NED"]
[Date "2000.06.01"]
[Round "1"]
[White "Movsesian,S"]
[Black "Hennig,D"]
[Result "1/2-1/2"]
[WhiteElo "2668"]
[BlackElo "2428"]

1.e4 g6 2.d4 Bg7 3.Nc3 c6 4.h3 b5 5.Be3 d6 6.Bd3 e5 7.Nf3 Ne7 8.O-O O-O 9.dxe5 dxe5
10.a4 b4 11.Nb1 Qc7 12.Nbd2 Nd7 13.a5 c5 14.Bc4 Bb7 15.c3 bxc3 16.bxc3 Nc8
17.Bg5 Nf6 18.Bxf6 Bxf6 19.Qe2 Nd6 20.Bd3 Ne8 21.Nc4 Ng7 22.Ne3 Nh5 23.Qc2 Nf4
24.Bc4 Rad8 25.Kh2 Qc8 26.Ng1 Qa8 27.f3 Bg5 28.Rfe1 Rd6 29.a6 Bc6 30.Rad1 Qd8
31.g3 Nh5 32.Nd5 Kg7 33.Qf2 Bxd5 34.exd5 Nxg3 35.Qxc5 Bf4 36.Kg2 Rb6 37.Qf2 Nf5
38.Kh1 Bg3 39.Qe2 Qh4 40.Bd3 Rfb8 41.Bxf5 gxf5 42.Rf1 Kh8 43.d6 Rd8 44.d7 Qa4
45.c4 Rxd7 46.Rxd7 Qxd7 47.Rd1 Rd6 48.Rxd6 Qxd6 49.Qc2 Qxa6 50.Ne2 Bh4 51.c5 e4
52.c6 exf3 53.Qc3+ Kg8 54.Qxf3 Qa1+ 55.Kg2 Qg7+ 56.Kf1 Qa1+ 57.Kg2 Qg7+ 58.Kf1 Qe5
59.Qd3 f4 60.Qf3 Bg5 61.Qg4 h6 62.h4 f3 63.Qxf3 Bxh4 64.Qg4+ Bg5 65.Qd7 Qf6+
66.Kg2 Qd8 67.Qf5 Qd6 68.Qe4 Bd8 69.Ng3 Bc7 70.Qe8+ Qf8 71.Qd7 Qd6 72.Qe8+ Qf8  1/2-1/2

[Event "Dutch Team Championships"]
[Site "Breda NED"]
[Date "2000.06.02"]
[Round "2"]
[White "Piket,Je"]
[Black "Movsesian,S"]
[Result "1/2-1/2"]
[WhiteElo "2633"]
[BlackElo "2668"]

1.d4 Nf6 2.c4 c6 3.Nc3 d5 4.Nf3 a6 5.c5 Bf5 6.Bf4 Nbd7 7.e3 e6 8.Nd2 Be7
9.Be2 h6 10.b4 O-O 11.O-O Re8 12.Bg3 Qc8 13.Bf3 a5 14.b5 Bd3 15.Be2 Bg6 16.Rc1 Bd8
17.f4 Ne4 18.Ndxe4 Bxe4 19.Nxe4 dxe4 20.a4 f5 21.Qb3 Nf6 22.Bc4 Bc7 23.Bh4 Nd5
24.Rc2 Qd7 25.h3 Kh8 26.Rb2 Rg8  1/2-1/2

[Event "XVI ECC"]
[Site "Neum BIH"]
[Date "2000.09.27"]
[Round "4"]
[White "Korchnoi,V"]
[Black "Movsesian,S"]
[Result "1/2-1/2"]
[WhiteElo "2620"]
[BlackElo "2666"]

1.d4 Nf6 2.c4 c6 3.Nc3 d5 4.Nf3 a6 5.cxd5 cxd5 6.Bg5 e6 7.e3 Be7 8.Bd3 O-O
9.O-O b5 10.Qb3 Nc6 11.Bxf6 Bxf6 12.Qc2 Kh8 13.Nxd5 Nxd4 14.Nxd4 exd5 15.a4 bxa4
16.Rxa4 Bd7 17.Rxa6 Rxa6 18.Bxa6 Qb6 19.Be2 Bxd4 20.exd4 Qxd4 21.Rd1 Qe5
22.Bf1 Rb8 23.Rd2 h6 24.Qc5 Bb5 25.Qxd5  1/2-1/2

[Event "XVI ECC"]
[Site "Neum BIH"]
[Date "2000.09.28"]
[Round "5"]
[White "Movsesian,S"]
[Black "Lyrberg,P"]
[Result "1-0"]
[WhiteElo "2666"]
[BlackElo "2413"]

1.e4 e6 2.d4 d5 3.e5 c5 4.c3 Nc6 5.Nf3 cxd4 6.cxd4 Nge7 7.Na3 Nf5 8.Nc2 Bd7
9.Bd3 Be7 10.h4 Qb6 11.Kf1 a5 12.Bxf5 exf5 13.h5 f4 14.Bxf4 Qxb2 15.Ne3 Nb4
16.Kg1 Rc8 17.Kh2 h6 18.a3 Bg5 19.Kg3 Bxf4+ 20.Kxf4 O-O 21.Kg3 Nc6 22.Qd3 f5
23.exf6 Rxf6 24.Rhb1 Rxf3+ 25.gxf3 Qxd4 26.Qxd4 Nxd4 27.Rxb7 Bc6 28.Rb6 Rf8
29.Rd1 Ne2+ 30.Kh2 Ba8 31.Nxd5 Bxd5 32.Rxd5 Rxf3 33.Rd8+ Kh7 34.Rbb8  1-0

[Event "34th Olympiad"]
[Site "Istanbul TUR"]
[Date "2000.10.29"]
[Round "2"]
[White "Movsesian,S"]
[Black "Fernandes,An"]
[Result "1-0"]
[WhiteElo "2666"]
[BlackElo "2438"]

1.e4 c5 2.Nc3 d6 3.Nf3 Nf6 4.Nd4 e6 5.g4 Nc6 6.g5 Nd7 7.h3 a6 8.h4 Qc7 9.Bg2 Nde5
10.f4 b5 11.Nxc6 Qxc6 12.Rh2 Qc7 13.h5 b4 14.Ne2 Qc6 15.f5 Ng6 16.hxg6 exf5
17.Rh3  1-0

[Event "34th Olympiad"]
[Site "Istanbul TUR"]
[Date "2000.10.29"]
[Round "2"]
[White "Movsesian,S"]
[Black "Fernandes,An"]
[Result "1-0"]
[WhiteElo "2666"]
[BlackElo "2438"]

1.e4 c5 2.Nc3 d6 3.Nf3 Nf6 4.d4 cxd4 5.Nxd4 e6 6.g4 Nc6 7.g5 Nd7 8.Be3 a6
9.h4 Qc7 10.Bg2 Nde5 11.Qe2 b5 12.f4 Nc4 13.O-O-O Nxe3 14.Qxe3 Bd7 15.e5 dxe5
16.Nxc6 Bxc6 17.Qxe5 Rc8 18.Bxc6+ Qxc6 19.Rh2 Qc7 20.Qe4 Bd6 21.Rf2 O-O 22.h5 b4
23.Ne2 Qc6 24.Ng3 Rfd8 25.Qxc6 Rxc6 26.f5 Bc7 27.Ne4 Rc4 28.Re1 Bb6 29.Rf3 Rdd4
30.Nd2 Rc6 31.g6 hxg6 32.hxg6 Rd7 33.Ne4 Bd8 34.Rh3 exf5 35.Nd6 Bg5+ 36.Kb1 Re7
37.Rxe7  1-0

[Event "34th Olympiad"]
[Site "Istanbul TUR"]
[Date "2000.11.10"]
[Round "13"]
[White "Movsesian,S"]
[Black "Lungu,N"]
[Result "1-0"]
[WhiteElo "2666"]
[BlackElo "2200"]

1.e4 c6 2.d4 d5 3.e5 Bf5 4.Nc3 e6 5.g4 Bg6 6.Nge2 f6 7.Nf4 Bf7 8.Qe2 g5 9.Nd3 Nd7
10.f4 gxf4 11.Bxf4 Bg7 12.exf6 Qxf6 13.O-O-O Qxd4 14.Bg2 Qc4 15.Rhf1 O-O-O
16.Bg5 Bf6 17.Bxf6 Ngxf6 18.Rf4 d4 19.Qe1 Bg6 20.Ne5 Nxe5 21.Qxe5 Nd7 22.Qxd4 Qxd4
23.Rfxd4 Nf6 24.g5 Rxd4 25.Rxd4 Nd5 26.Bh3 Nc7 27.Ne4 Rf8 28.Nc5 Re8 29.Rd6 Bf5
30.Bxf5 exf5 31.Rf6 Nd5 32.Rxf5 Re1+ 33.Kd2 Rg1 34.Rf8+ Kc7 35.Rf7+ Kb6 36.Nd7+ Kb5
37.h4 Rh1 38.Rxh7 Rh2+ 39.Kd3 Nb4+ 40.Ke4 Rxc2 41.Nf6  1-0

[Event "Czech Extra League 2000-1"]
[Site "CZE"]
[Date "2000.12.17"]
[Round "3"]
[White "Movsesian,S"]
[Black "Stratil,P"]
[Result "1/2-1/2"]
[WhiteElo "2666"]
[BlackElo "2250"]

1.d4 Nf6 2.c4 e6 3.Nc3 d5 4.cxd5 exd5 5.Bg5 c6 6.e3 Bf5 7.Qf3 Bg6 8.Bxf6 Qxf6
9.Qxf6 gxf6 10.Nge2 Bd6 11.g3 Nd7 12.Nf4 Ke7 13.Be2 Nf8 14.Ng2 Ne6 15.Nh4 f5
16.Ng2 h5 17.h4 Nf8 18.Kd2 Nd7 19.Rhc1 Nf6 20.Bf3 Ne4+ 21.Ke2 Kd7 22.a3 b5
23.Nf4 Nxc3+ 24.Rxc3 a5 25.Nd3 b4 26.axb4 axb4 27.Rcc1 f6 28.Kd2 Rhb8 29.Bd1 Be8
30.Ra4 Rxa4 31.Bxa4 Rb6 32.Bd1 Ra6 33.Kc2 Ke6 34.Kb3 Ra7 35.Be2 Kd7 36.Nf4 Bxf4
37.gxf4 Kd6 38.Kxb4 Rg7 39.Bf3 Rb7+ 40.Kc3 Rg7 41.Ra1 Rb7 42.Rg1 c5 43.dxc5+ Kxc5
44.Rg8 Bf7 45.Rg7 Kd6 46.Bd1 Rc7+ 47.Kd2 Re7 48.Rh7 Ke6 49.Bxh5 Bxh5 50.Rxh5 Rb7
51.Kc2 Rg7 52.Kd3 Rc7 53.Kd2 Rb7 54.Kc1 Rg7 55.Kd2  1/2-1/2

[Event "Tch-AUT 2000-01"]
[Site "Graz AUT"]
[Date "2001.01.19"]
[Round "6"]
[White "Chernin,A"]
[Black "Movsesian,S"]
[Result "1/2-1/2"]
[WhiteElo "2583"]
[BlackElo "2661"]

1.d4 Nf6 2.c4 c6 3.Nf3 d5 4.e3 a6 5.Bd3 g6 6.Qb3 Bg7 7.O-O O-O 8.Nc3 dxc4
9.Bxc4 Ne8 10.Be2 Nd6 11.Rd1 Bg4 12.h3 Bxf3 13.Bxf3 Nd7 14.Ne4 Qc7 15.Qc2 Rac8
16.Bd2 Nxe4 17.Bxe4 e5 18.dxe5 Bxe5 19.Rac1 Nf6 20.Bf3 Rfd8 21.b3  1/2-1/2

[Event "Tch-AUT 2000-01"]
[Site "Graz AUT"]
[Date "2001.01.20"]
[Round "7"]
[White "Movsesian,S"]
[Black "Stohl,I"]
[Result "1/2-1/2"]
[WhiteElo "2661"]
[BlackElo "2554"]

1.e4 c6 2.d4 d5 3.f3 dxe4 4.fxe4 e5 5.Nf3 Be6 6.c3 Nf6 7.Bd3 Nbd7 8.O-O Bd6
9.Kh1 Qc7 10.Be3 c5 11.Nbd2 cxd4 12.cxd4 exd4 13.Rc1 Qb8 14.Nxd4 Bg4 15.Be2 Bxe2
16.Qxe2 O-O 17.Nf5 Re8 18.Qf3 Be5 19.Nc4 Re6 20.Nd4 Re8 21.Rcd1 Bxh2 22.Nf5 Ne5
23.Nh6+ Kh8 24.Nxe5 Bxe5 25.Nxf7+ Kg8 26.Nxe5 Qxe5 27.Bd4 Qh5+ 28.Kg1 Ng4
29.Qh3 Qxh3 30.gxh3 Nh6 31.Bc3 Rad8 32.Kf2 Nf7 33.Ke3 Nd6 34.e5 Nf5+ 35.Kf4 g6
36.Rxd8 Rxd8 37.e6 Rd5 38.Rc1 Ne7 39.Re1 Kf8 40.Re5 Ke8 41.Kg5 Rd3 42.h4 Nf5
43.Re4 Nd6 44.Re2 Nf5 45.Bf6 Re3 46.Rxe3 Nxe3 47.Bd4 Nf5 48.Bc5 b6 49.Bb4 Nd4
50.Kh6  1/2-1/2

[Event "TCh-SVK"]
[Site "SVK"]
[Date "2001.02.10"]
[Round "8"]
[White "Movsesian,S"]
[Black "Simacek,P"]
[Result "1-0"]
[WhiteElo "2666"]
[BlackElo "2341"]

1.e4 d5 2.exd5 Nf6 3.Bb5+ Bd7 4.Be2 Nxd5 5.d4 Nb6 6.c4 e5 7.dxe5 Nc6 8.Nf3 Qe7
9.O-O Nxe5 10.Qc2 O-O-O 11.Be3 Qf6 12.Nbd2 Bf5 13.Qb3 Nxf3+ 14.Nxf3 Be7 15.c5 Nd5
16.Bd4 Qe6 17.Bc4 Bf6 18.Rfe1 Qd7 19.Qa3 Bxd4 20.Qxa7 Bxf2+ 21.Kxf2 c6 22.Bxd5 cxd5
23.Ne5 Qb5 24.c6 bxc6 25.Rac1 Bd7 26.Kg1 Rhf8 27.Nxc6 Bxc6 28.Re7  1-0

[Event "Czech Extra League 2000-1"]
[Site "CZE"]
[Date "2001.02.25"]
[Round "7"]
[White "Macieja,B"]
[Black "Movsesian,S"]
[Result "1/2-1/2"]
[WhiteElo "2578"]
[BlackElo "2661"]

1.e4 c5 2.c3 e6 3.d4 d5 4.exd5 exd5 5.Nf3 Nc6 6.Bb5 Bd6 7.dxc5 Bxc5 8.O-O Ne7
9.Nbd2 O-O 10.Nb3 Bb6 11.Re1 Bg4 12.Be3 Bxe3 13.Rxe3 Qd6 14.h3 Bh5 15.Be2 Rad8
16.Nfd4 Bg6 17.Bf3 Ne5 18.Qe2 Nxf3+ 19.Qxf3 Nc8 20.Nf5 Bxf5 21.Qxf5 Rfe8
22.Rae1 Rxe3 23.Rxe3 Ne7 24.Qg4 Nc6 25.Nd4 g6 26.Qh4 a6 27.g3 Kg7 28.Nxc6 bxc6
29.Qd4+ Qf6 30.b4 Qxd4 31.cxd4 Rb8 32.Rb3 Rb5 33.a4 Rb8 34.a5 Kf8 35.Rc3 Rc8
36.Kf1 Ke7 37.Ke2 Kd6 38.Rf3 f5 39.Kd3 Rb8 40.Kc3 Re8 41.g4 fxg4 42.hxg4 h5
43.Kd3 hxg4 44.Rf6+  1/2-1/2

[Event "Tch-NED"]
[Site "NED"]
[Date "2001.03.04"]
[Round "6"]
[White "Bosch,Je"]
[Black "Movsesian,S"]
[Result "0-1"]
[WhiteElo "2436"]
[BlackElo "2661"]

1.d4 Nf6 2.c4 g6 3.Nc3 Bg7 4.e4 d6 5.f3 O-O 6.Nge2 a6 7.Be3 c6 8.c5 b6 9.cxb6 Qxb6
10.Qd2 a5 11.Ng3 Nbd7 12.Be2 Ba6 13.O-O Bxe2 14.Ngxe2 a4 15.Rab1 Qa6 16.Bh6 Bxh6
17.Qxh6 Rfb8 18.Qe3 Rb4 19.b3 axb3 20.Rxb3 Rxb3 21.axb3 Rb8 22.Rb1 Qa5 23.h3 Rb4
24.Kh2 Qa7 25.Qd2 Qb8 26.Qc2 e5 27.dxe5 Nxe5 28.Kh1 Ned7 29.Na2 Rb6 30.Nec3 Ne5
31.f4 Ned7 32.b4 d5 33.e5 Nh5 34.Qf2 Nf8 35.g4 Ng7 36.b5 Nge6 37.f5 Ng5 38.Re1 d4
39.h4 dxc3 40.Nxc3 Nge6 41.fxe6 Nxe6 42.Rf1 Qb7 43.Qg2 Kf8 44.bxc6 Rxc6 45.Ne4 Rc4
46.Nf6 Qa6 47.Rb1 Rc8 48.Qb7 Rc1+  0-1

[Event "Czech Extra League 2000-1"]
[Site "CZE"]
[Date "2001.03.17"]
[Round "8"]
[White "Jirovsky,M"]
[Black "Movsesian,S"]
[Result "0-1"]
[WhiteElo "2452"]
[BlackElo "2661"]

1.c4 g6 2.g3 Bg7 3.Bg2 e5 4.Nc3 Ne7 5.e4 Nbc6 6.d3 d6 7.h4 h6 8.h5 g5 9.f4 gxf4
10.gxf4 exf4 11.Nh3 f3 12.Qxf3 Ne5 13.Qf1 N7c6 14.Be3 Ng4 15.Bg1 Qh4+ 16.Kd2 Qxh5
17.Nf4 Qg5 18.Rh5 Qd8 19.Bh3 Nf6 20.Bxc8 Qxc8 21.Rh4 Qd7 22.Be3 Ne5 23.Qh1 O-O-O
24.Rg1 Rdg8 25.Nb5 Nfg4 26.Nh5 Bf8 27.Rf1 a6 28.Nc3 Be7 29.Rh3 Nxe3 30.Kxe3 Bg5+
31.Ke2 Nc6 32.Rg3 f5 33.Qh3 Rf8 34.Kd1 Nd4 35.exf5 Nxf5 36.Rgf3 Ne3+ 37.Ke2 Qxh3
38.Rf4  0-1

[Event "Czech Extra League 2000-1"]
[Site "CZE"]
[Date "2001.04.08"]
[Round "11"]
[White "Ftacnik,L"]
[Black "Movsesian,S"]
[Result "1/2-1/2"]
[WhiteElo "2618"]
[BlackElo "2661"]

1.d4 Nf6 2.c4 c6 3.Nc3 d5 4.e3 a6 5.Qc2 b5 6.b3 Bg4 7.Nge2 Nbd7 8.h3 Bh5
9.Nf4 Bg6 10.Nxg6 hxg6 11.g3 e6 12.Bg2 Be7 13.O-O O-O 14.Rd1 Rc8 15.e4 b4
16.Na4 Nxe4 17.Bxe4 dxe4 18.Qxe4 Qa5 19.Be3 Rfd8 20.Rd2 Qf5 21.Qxf5 gxf5
22.Rad1 Kf8 23.Kg2 Ke8 24.g4 g6 25.gxf5 gxf5 26.d5 cxd5 27.cxd5 e5 28.d6 Bf8
29.Bb6 Nxb6 30.Nxb6 Rc6 31.Nc4 f6 32.Rd5 f4 33.d7+ Kf7 34.Rxe5 Rxc4 35.Re8 Rxd7
36.Rxf8+ Kxf8 37.Rxd7 Rc2 38.Rd6 Rxa2 39.Rxf6+ Kg7 40.Rxf4 a5 41.Rf5 Ra3
42.h4 Kg6 43.Rg5+ Kh6 44.Rb5 Kg6 45.f3 Rxb3 46.Rxa5 Rb2+ 47.Kg3 b3 48.Rb5 Rb1
49.Kf4 b2 50.Rb8 Kf6 51.h5 Rh1  1/2-1/2

[Event "TCh-NED Playoffs"]
[Site "Breda NED"]
[Date "2001.05.24"]
[Round "1"]
[White "Movsesian,S"]
[Black "Kroeze,F"]
[Result "1-0"]
[WhiteElo "2661"]
[BlackElo "2374"]

1.e4 e5 2.Nf3 Nf6 3.Nxe5 d6 4.Nf3 Nxe4 5.d4 d5 6.Bd3 Nc6 7.O-O Bg4 8.Re1 Be7
9.c3 f5 10.Qb3 O-O 11.Nbd2 Kh8 12.Qxb7 Rf6 13.Qb3 Rg6 14.g3 Rb8 15.Qc2 Bd6
16.b4 Qf6 17.b5 Ne7 18.Ne5 Bxe5 19.dxe5 Qxe5 20.Ba3 Bh3 21.Nf3 Qf4 22.Nd4 Ng8
23.Re3 Ngf6 24.Rf3 Qg5 25.Bc1 Qh5 26.Be2 Re8 27.Rf4 Ng5 28.Be3 Bg4 29.Rxf5 Bxf5
30.Qxf5 Nh3+ 31.Kf1 Qxf5 32.Nxf5 Ne4 33.Bh5 Rf8 34.Bxg6 hxg6 35.Ne7 Kh7 36.Nxd5 Nhxf2
37.Ke2 Ng4 38.Bxa7 Nxh2 39.Kd3 Nxg3 40.Nxc7 Ng4 41.Bd4 Nf5 42.a4 Nd6 43.Rh1+ Kg8
44.Rg1  1-0

[Event "2nd IECC"]
[Site "Ohrid MKD"]
[Date "2001.06.01"]
[Round "1"]
[White "Tischbierek,R"]
[Black "Movsesian,S"]
[Result "1/2-1/2"]
[WhiteElo "2527"]
[BlackElo "2661"]

1.e4 c5 2.c3 d6 3.d4 Nf6 4.Bd3 e5 5.Nf3 Nc6 6.d5 Ne7 7.Bg5 Ng6 8.Bb5+ Bd7
9.Bxf6 gxf6 10.a4 Bh6 11.Nfd2 O-O 12.Bxd7 Qxd7 13.Qh5 Bg7 14.g3 Ne7 15.g4 b5
16.Na3 a6 17.Nc2 Ng6 18.Ne3 Rfb8 19.Qf5 Qd8 20.h4 Bh6 21.g5 fxg5 22.Ng4 Bg7
23.hxg5 Qc8 24.Nf6+ Bxf6 25.gxf6 Qxf5 26.exf5 Nf4 27.O-O-O h5 28.Ne4 bxa4
29.Rhg1+ Kf8 30.Rg7 Ra7 31.Rh7 Kg8 32.Rg7+ Kf8 33.Nxd6 Rd7 34.Rh7 Kg8 35.Rg7+ Kf8
36.Ne4 a3 37.bxa3 Rxd5 38.Rxd5 Nxd5 39.Rh7 Kg8 40.Rg7+ Kf8 41.Rh7 Kg8 42.Rxh5 c4
43.Rg5+ Kf8  1/2-1/2

[Event "2nd IECC"]
[Site "Ohrid MKD"]
[Date "2001.06.04"]
[Round "4"]
[White "Socko,B"]
[Black "Movsesian,S"]
[Result "1/2-1/2"]
[WhiteElo "2554"]
[BlackElo "2661"]

1.e4 c5 2.Nf3 e6 3.d4 cxd4 4.Nxd4 Qb6 5.Nb3 Qc7 6.Bd3 Nf6 7.O-O a6 8.f4 d6
9.Be3 Nbd7 10.a4 b6 11.Nc3 Bb7 12.Kh1 Be7 13.Qe2 O-O 14.Bg1 Rfe8 15.Rae1 g6
16.e5 Nh5 17.Qe3 Bf8 18.Be2 Ng7 19.Bd3 dxe5 20.fxe5 Nf5 21.Bxf5 exf5 22.Qg3 Nxe5
23.Rxf5 Bd6 24.Ref1 Nf3 25.Qg4 Nxg1 26.Rxf7 Qxf7 27.Rxf7 Kxf7 28.Kxg1 Rad8
29.Ne2 Re4 30.Qg5 Rde8 31.Nc3 Re1+ 32.Kf2 Bxh2 33.Nd2 Bg1+ 34.Kg3 Be3 35.Qg4 Bc8
36.Qf3+ Kg7 37.Qd5 h5 38.Nf3 Rf1 39.Qc4 h4+ 40.Kh2 Ra1 41.Nd5 Bf2 42.Qc3+ Kg8
43.Nf6+ Kf8 44.Nh7+ Kg8 45.Nf6+ Kf8 46.Nh7+ Kg8 47.Nf6+  1/2-1/2

[Event "2nd IECC"]
[Site "Ohrid MKD"]
[Date "2001.06.09"]
[Round "8"]
[White "Timoshenko,G"]
[Black "Movsesian,S"]
[Result "1/2-1/2"]
[WhiteElo "2537"]
[BlackElo "2661"]

1.d4 Nf6 2.c4 c6 3.Nc3 d5 4.Nf3 a6 5.cxd5 cxd5 6.Bg5 Ne4 7.Bh4 Nc6 8.e3 Qb6
9.Bd3 Bf5 10.O-O Nxc3 11.bxc3 Bxd3 12.Qxd3 e6 13.Rab1 Qc7 14.Bg3 Qd7 15.Rb6 Be7
16.Rfb1 Na5 17.c4 dxc4 18.Qc3 Qa4 19.d5 O-O 20.dxe6 Rad8  1/2-1/2

[Event "TCh-YUG"]
[Site "Herceg Novi YUG"]
[Date "2001.09.04"]
[Round "2"]
[White "Movsesian,S"]
[Black "Sakaev,K"]
[Result "1/2-1/2"]
[WhiteElo "2627"]
[BlackElo "2630"]

1.e4 c5 2.Nf3 d6 3.d4 cxd4 4.Nxd4 Nf6 5.Nc3 a6 6.Be3 e5 7.Nb3 Be6 8.f3 Be7
9.Qd2 O-O 10.O-O-O Qc7 11.g4 Rc8 12.g5 Nh5 13.Kb1 Nd7 14.Qf2 Qd8 15.h4 Rxc3
16.bxc3 Qc7 17.Bh3 Bxh3 18.Rxh3 a5 19.Rh2 g6 20.Rd5 a4 21.Nc1 Qxc3 22.a3 Nf4
23.Na2 Qc4 24.Bxf4 exf4 25.Rd4 Qc7 26.Nb4 Nb6 27.Qd2  1/2-1/2

[Event "TCh-YUG"]
[Site "Herceg Novi YUG"]
[Date "2001.09.05"]
[Round "3"]
[White "Zontakh,A"]
[Black "Movsesian,S"]
[Result "1/2-1/2"]
[WhiteElo "2518"]
[BlackElo "2627"]

1.d4 Nf6 2.Nf3 e6 3.c4 d5 4.Nc3 dxc4 5.e3 a6 6.a4 c5 7.Bxc4 Nc6 8.O-O Be7
9.Qe2 cxd4 10.Rd1 e5 11.exd4 exd4 12.Nxd4 Nxd4 13.Qe5 Qd6 14.Qxd6  1/2-1/2

[Event "TCh-YUG"]
[Site "Herceg Novi YUG"]
[Date "2001.09.09"]
[Round "7"]
[White "Brenjo,S"]
[Black "Movsesian,S"]
[Result "0-1"]
[WhiteElo "2445"]
[BlackElo "2627"]

1.e4 c5 2.Nf3 d6 3.d4 cxd4 4.Nxd4 Nf6 5.Nc3 e6 6.Be2 Be7 7.O-O O-O 8.f4 Nc6
9.Be3 Bd7 10.Nb3 a6 11.a4 b6 12.Kh1 Qc7 13.Bf3 Rab8 14.Qe2 Bc8 15.Rad1 Bb7
16.Qf2 Nd7 17.g4 Rfe8 18.g5 Bf8 19.Bg2 g6 20.Nd4 Nb4 21.Nb3 Ba8 22.Rd2 Nc5
23.Nc1 Nc6 24.Nd3 Nd7 25.Qh4 Bg7 26.Nf2 f5 27.Rfd1 Na5 28.Rxd6 Nf8 29.Bd4 Nc4
30.Bxg7 Qxg7 31.R6d4 Nxb2 32.R1d2 Rbc8 33.Qg3 Nc4 34.Rd1 e5 35.fxe5 f4 36.Qxf4 Ne6
37.Qg3 Nxd4 38.Rxd4 Nxe5 39.Rd1 Kh8 40.Nd5 Bxd5 41.exd5 Rxc2 42.Ne4 Nd7 43.Rf1 Qe5
44.Nd6 Qxg3 45.hxg3 Ree2 46.Be4 Rcd2 47.Rc1 Nc5 48.Bf3 Rh2+ 49.Kg1 Rh3 50.Bh1 Rxg3+
51.Kf1 Rh2 52.Be4 Ra2 53.Bc2 Kg8 54.a5  0-1

[Event "ECC"]
[Site "Panormo GRE"]
[Date "2001.09.23"]
[Round "1"]
[White "Movsesian,S"]
[Black "Haimovich,T"]
[Result "1-0"]
[WhiteElo "2627"]
[BlackElo "2304"]

1.e4 e6 2.d4 d5 3.e5 c5 4.c3 Qb6 5.Nf3 Nc6 6.a3 Nh6 7.b4 cxd4 8.cxd4 Nf5
9.Bb2 Bd7 10.h4 Rc8 11.g4 Nfe7 12.Nc3 Na5 13.Na4 Qc6 14.Nc5 Nc4 15.Bc1 h5
16.gxh5 Nf5 17.Bh3 Nh6 18.O-O b6 19.Nd3 Qa4 20.Qe2 a5 21.Bf4 Nxa3 22.bxa5 b5
23.Rfc1 Rxc1+ 24.Bxc1 b4 25.Nc5 Bxc5 26.dxc5 Qxa5 27.Qe3 Qa4 28.Bxa3 bxa3
29.Rxa3 Qd1+ 30.Kg2 O-O 31.Rd3 Qb1 32.Nd4 Ra8 33.Rb3 Qd1 34.Nf3 Rc8 35.Rc3 Bb5
36.Rc1 Qd3 37.Qxd3 Bxd3 38.Nd4 Kf8 39.f4 Ng8 40.f5 exf5 41.Bxf5 Bxf5 42.Nxf5 Nh6
43.Nd6 Rc6 44.Kf3 Ke7 45.Ke3 f6 46.Kd4 Ng4 47.Nf5+ Kf8 48.e6 Ne5 49.Kxd5 Rc8
50.e7+  1-0

[Event "ECC"]
[Site "Panormo GRE"]
[Date "2001.09.25"]
[Round "3"]
[White "Movsesian,S"]
[Black "Grivas,E"]
[Result "1/2-1/2"]
[WhiteElo "2627"]
[BlackElo "2489"]

1.e4 c5 2.Nf3 Nc6 3.d4 cxd4 4.Nxd4 Qb6 5.Nb3 Nf6 6.Nc3 e6 7.Qe2 Bb4 8.Bd2 O-O
9.a3 Be7 10.O-O-O d5 11.Be3 Qc7 12.exd5 Nxd5 13.Nxd5 exd5 14.g4 Rd8 15.Bg2 Be6
16.Kb1 Rac8 17.f4 d4 18.Bc1 d3 19.Rxd3 Rxd3 20.Qxd3 Bxg4 21.Be4 g6 22.f5 Qd6
23.Qc4 gxf5 24.Rg1 Qxh2 25.Rh1 Qc7 26.Bd5 Ne5 27.Qf4 h5 28.Nd4 Bf6 29.Rg1 Bg7
30.Rg2 Ng6 31.Qd2 a6 32.Nf3 Ne7 33.Bb3 Rd8 34.Qf2 Rd1 35.c3 Rd7 36.Ng5 Nd5
37.Nxf7 Kxf7 38.Rxg4 hxg4 39.Qxf5+ Ke8 40.Bxd5 Qd6 41.Be6 Qd3+  1/2-1/2

[Event "ECC"]
[Site "Panormo GRE"]
[Date "2001.09.28"]
[Round "6"]
[White "Movsesian,S"]
[Black "Kuzmin,G"]
[Result "1/2-1/2"]
[WhiteElo "2627"]
[BlackElo "2542"]

1.e4 e5 2.Nf3 Nc6 3.Bb5 a6 4.Ba4 Nf6 5.O-O b5 6.Bb3 d6 7.c3 Na5 8.Bc2 c5
9.d4 Qc7 10.a4 c4 11.Re1 Be7 12.Nbd2 O-O 13.Nf1 b4 14.cxb4 Nc6 15.Qd2 d5
16.dxe5 Bxb4 17.Qf4 Ng4 18.Bd2 d4 19.Bxb4 Nxb4 20.Rac1 Nc6 21.Bd1 Ncxe5 22.N3d2 Qb8
23.Be2 d3 24.Bxg4 Bxg4 25.Qe3 Be6 26.Qd4 Rd8 27.Qc3 Nc6 28.Nxc4 Nd4 29.Qxd3 Nb3
30.Qe2 Nxc1 31.Rxc1 Qb4 32.Nfe3 Rac8 33.Rc3 Qxa4 34.h3 Qa2 35.Nd5 h6 36.Ne7+ Kh7
37.Nxc8 Rxc8 38.Nd2 Rxc3 39.bxc3 a5 40.Qd3 a4 41.e5+ Kg8 42.Qd8+ Kh7 43.Qd3+ Kg8  1/2-1/2